000 00884nam a2200265Ia 4500
003 GCL
008 140319s9999 xx 000 0 ara d
040 _aGCL /
_cGCL
082 0 4 _a340.5
_bح م
100 1 _aحسن الفكهانى
245 1 0 _aالموسوعة التشريعية الحديثة /
_cحسن الفكهانى
260 _a[S.N] :
_bالدار العربية للموسوعات ،
_c1993
300 _a52 مجلد
650 0 4 _aالقانون
650 0 4 _aمصر
650 0 4 _aفقه اللغة العربية الحديثة
650 0 4 _aالقانون الدولى
650 0 4 _aقانون العقوبات
650 0 4 _aقانون المرافعات
650 0 4 _aالقانون المدنى
650 0 4 _aالقانون البحرى
650 0 4 _aالقانون الادارى
650 0 4 _aالقانون الدستورى
942 _2ddc
_cREF
999 _c59721
_d59721